Sovereignty at the Paris Peace Conference of 1919

Titel: Sovereignty at the Paris Peace Conference of 1919 / Leonard V. Smith
Verfasser:
Ausgabe: First edition
Veröffentlicht: Oxford : Oxford University Press, [2018]
Umfang: x, 277 Seiten : Illustrationen, Karten
Format: Buch
Sprache: Englisch
Schriftenreihe/
mehrbändiges Werk:
The greater war
RVK-Notation:
Schlagworte:
ISBN: 9780199677177
Buchumschlag
X
alg: 42606930
001A    $06057:13-02-18 
001B    $03025:08-07-25 $t11:53:06.000 
001C    $00004:30-08-18 $t11:50:52.000 
001D    $00004:18-09-18 
001U    $0utf8 
001X    $00 
002@    $0Aau 
002C    $aText $btxt $2rdacontent 
002D    $aohne Hilfsmittel zu benutzen $bn $2rdamedia 
002E    $aBand $bnc $2rdacarrier 
003@    $0426069307 
004A    $A978-0-19-967717-7 
006B    $0GBB822445 
007A    $0426069307 $aHEB 
010@    $aeng 
010E    $erda 
011@    $a2018 $n[2018] 
011F    $n© 2018 
021A    $aSovereignty at the Paris Peace Conference of 1919 $hLeonard V. Smith 
028A    $BVerfasser $#Smith, Leonard Vinson $#Vinson Smith, Leonard $4aut $7137361866 $8Smith, Leonard V.$Z1957- [Tp3] $9209349573 
032@    $aFirst edition 
033A    $pOxford $nOxford University Press 
034D    $ax, 277 Seiten 
034M    $aIllustrationen, Karten 
036G    $aThe @greater war 
037A    $aHier auch später erschienene, unveränderte Nachdrucke 
039U    $aRezension in $8--Oou--Laniol, Vincent$Z20./21. Jh. [Tp3]. [Leonard V. Smith: Sovereignty at the Paris Peace Conference of 1919], 2019 $9531594939 
041K    $aParis Peace Conference (1919-1920) 
041K/01 $aSovereignty--History--20th century 
044K    $#Peace Conference, Paris 1919-1920 $#Paris Peace Conference, Paris 1919-1920 $#Conférence de la Paix, Paris 1919-1920 $#Congrès de la Paix, Paris 1919-1920 $#Council of Four $#Conseil des Quatre $#Viererrat $#Viererkonferenz, Paris 1919-1920 $#Conferenza di Pace, Paris 1919-1920 $#Mirovna Konferenca, Paris 1919-1920 $#Pariška Mirovna Konferenca, Paris 1919-1920 $#Friedenskonferenz von Paris 1919/1920 $71217272-8 $8Pariser Friedenskonferenz$d1919-1920$cParis [Tf1] $9042394082 
044K    $#Sovereignty $#Souveraineté $#Souveränität $#Souveränität $#Innere Souveränität $#Souveränität $#Unabhängigkeit von Staaten (internationales Recht) $#Nationale Souveränität $#Staatssouveränität $#Staat Souveränität $#Staatliche Souveränität $74132367-1 $8Souveränität [Ts1] $9085475963 
045B    $a320.1509041 $eDDC23eng 
045Z    $8NQ 1110 [Tkv] $9410910279 

lok: 42606930 78

exp: 42606930 78 1 #EPN
201B/01 $008-07-25 $t11:53:06.000 
201C/01 $008-07-25 
201U/01 $0utf8 
203@/01 $01312707143 
208@/01 $a08-07-25 $be 
209A/01 $a/ $f000 $x00 
209A/01 $ab*p $x01 
220C/01 $apgar 
244Z/01 $#Ostmitteleuropa $#Ostmitteleuropa $#Mitteleuropa, Ost $#Central Europe Ostmitteleuropa $#Mittelosteuropa $74075753-5 $8--Tg1--Ostmitteleuropa $x05 $9085214485 
247C/01 $82080>Marburg/Lahn, Herder-Institut, Forschungsbibliothek, Bibliographieportal $9336309341 

lok: 42606930 205

exp: 42606930 205 1 #EPN
201B/01 $027-09-18 $t08:37:15.000 
201C/01 $030-08-18 
201U/01 $0utf8 
203@/01 $01026877032 
208@/01 $a27-09-18 $bz 
209A/01 $a001 NQ 1110 S654 $db $f000 $x00 
209C/01 $a1 2018/10668 
209C/01 $anel1809na 
209G/01 $a56542809 $x00 
237A/01 $a[Nachdr.] 
247C/01 $8351000-1 <4>Marburg, Universität Marburg, Universitätsbibliothek $9102594767
LEADER 00000cam a2200000 c 4500
001 426069307
003 DE-603
005 20250708115306.0
007 tu
008 180213s2018 xx |||| | u00||u|eng c
020 |a 9780199677177 
035 |a (DE-599)HEB426069307 
040 |a DE-603  |b ger  |c DE-603  |d DE-603  |e rda 
041 |a eng 
082 7 |a 320.1509041  |2 23/eng 
084 |a NQ 1110  |0 (DE-625)128056:  |0 (DE-603)410910279  |2 rvk 
100 1 |a Smith, Leonard V.  |d 1957-  |e Verfasser  |4 aut  |0 (DE-603)209349573  |0 (DE-588)137361866  |2 gnd 
245 0 0 |a Sovereignty at the Paris Peace Conference of 1919  |c Leonard V. Smith 
250 |a First edition 
264 1 |a Oxford  |b Oxford University Press  |c [2018] 
264 4 |c © 2018 
300 |a x, 277 Seiten  |b Illustrationen, Karten 
336 |a Text  |b txt  |2 rdacontent 
337 |a ohne Hilfsmittel zu benutzen  |b n  |2 rdamedia 
338 |a Band  |b nc  |2 rdacarrier 
490 0 |a ˜Theœ greater war 
500 |a Hier auch später erschienene, unveränderte Nachdrucke 
611 2 7 |a Pariser Friedenskonferenz  |d 1919-1920  |c Paris  |2 gnd  |0 (DE-588)1217272-8  |0 (DE-603)042394082 
650 7 |a Souveränität  |0 (DE-588)4132367-1  |0 (DE-603)085475963  |2 gnd 
787 0 8 |i Rezension in  |a Laniol, Vincent, 20./21. Jh.  |t [Leonard V. Smith: Sovereignty at the Paris Peace Conference of 1919]  |w (DE-603)531594939 
924 0 |9 2080  |a (DE-603)1312707143  |b DE-2080  |c HES  |d d  |g / 
924 0 |9 4  |a (DE-603)1026877032  |b DE-4  |c HES  |d c  |g 001 NQ 1110 S654